| 000 | 00508nam a2200157Ia 4500 | ||
|---|---|---|---|
| 008 | 230917s9999||||xx |||||||||||||| ||und|| | ||
| 020 | _cRS375 | ||
| 040 |
_e33715 _aMAIN |
||
| 041 | _aEnglish | ||
| 082 | _a150.954 P959P | ||
| 100 | _aPanday, Janak | ||
| 245 | 0 | _aPsychology in India revisited: Developments in the discipline. 2V. V1- Physiological foundation and human cognition. V2- Personality and health psychology | |
| 260 |
_aNew Delhi _bSage Publications _c2000 |
||
| 300 | _a272 p. | ||
| 942 | _cBK | ||
| 999 |
_c107956 _d107956 |
||